[Event "8th Holuj-Radzikowska 2018"]
[Site "Wroclaw"]
[Date "2018.12.04"]
[Round "1"]
[White "Harika, Dronavalli"]
[Black "Warakomska, Anna"]
[Result "0-1"]
[WhiteElo "2494"]
[BlackElo "2233"]
[Annotator "TA"]
[PlyCount "112"]
[EventDate "2018.11.26"]
[EventType "schev"]
[EventCountry "POL"]
[SourceTitle "playchess.com"]
[Source "ChessBase"]
[SourceQuality "1"]
[WhiteTeam "World"]
[BlackTeam "Poland"]

{[%evp 20,112,46,39,41,38,54,45,61,52,54,52,71,58,97,91,103,107,147,156,125,158,167,150,160,167,142,118,162,57,66,47,57,33,65,28,204,199,198,0,0,0,0,0,90,86,89,63,110,0,0,0,0,-16,-82,-193,-173,-259,-289,-420,-406,-403,-391,-395,-335,-1401,-1401,-1386,-1386,-1372,-1379,-1386,-1297,-1379,-1379,-1379,-1372,-5181,-1372,-1372,-1372,-29969,-29966,-29974,-29974,-29974,-29975,-29966,-29966,-29973,-29976,-29985,-29986,-29986,-29986]} 1. Nf3 d5 2. c4 c6 3. e3 Nf6 4. d4 Bf5 5. Nc3 e6 6. Nh4 Be4 7. f3 Bg6 8. Qb3 Qc7 9. Bd2 {D12: Slav Defence: 3 Nf3 Nf6 4 e3 Bf5} Bd6 (9... Be7 10. O-O-O dxc4 11. Bxc4 a6 12. Be2 Nbd7 13. Nxg6 hxg6 14. Kb1 c5 15. d5 exd5 16. Nxd5 Nxd5 17. Qxd5 {0-1 (31) Karjakin,S (2773)-Caruana,F (2822) Saint Louis 2018}) 10. O-O-O Nbd7 11. cxd5 {LiveBook: 3 Games. White is slightly better.} cxd5 12. Nxg6 hxg6 (12... fxg6 13. Kb1 $16) 13. Kb1 {And now Nb5 would win.} a6 {[#]} (13... Rxh2 $6 14. Nb5 $16) 14. Rc1 $146 {Hoping for Nb5.} ({Predecessor:} 14. g4 Qb6 15. Qc2 Rc8 16. Bd3 g5 {½-½ (40) Buhmann,R (2580)-Mantovani,R (2359) Switzerland 2014}) 14... Qb6 15. Qd1 Qa7 16. g4 g5 17. h3 b5 18. Bd3 Ke7 19. Ne2 Qb7 {[#]} 20. h4 $1 {[%mdl 512]} Rxh4 (20... gxh4 21. g5) 21. Rxh4 gxh4 22. g5 Nh5 23. e4 $1 Rc8 24. Rxc8 (24. e5 $18 Rxc1+ 25. Qxc1) 24... Qxc8 $14 25. e5 {[#]} Bxe5 $1 {[%mdl 512]} 26. dxe5 Nxe5 27. Bc2 {aiming for Qg1.} Nc4 $2 (27... Qc5 $1 $11 {and Black stays safe.}) 28. Bc1 $18 Qc5 {With the idea ...Ne3.} 29. Nd4 $2 (29. Qe1 $1 $18) 29... h3 $11 {Threatens to win with ...h2.} 30. f4 g6 31. f5 h2 (31... exf5 $11 32. Qe1+ Kd7) 32. fxg6 $16 fxg6 ({Don't go for} 32... Nd2+ $2 33. Qxd2 (33. Bxd2 Qxd4 34. gxf7 Qg1 $17) 33... h1=Q 34. Qf2 $18) 33. Nf3 Qf2 {[#]} 34. Bxg6 (34. Nxh2 $1 $16 {[%mdl 512]} Qxh2 35. Qd4) 34... Nf4 $11 35. Bc2 Ne2 36. Nxh2 $1 {Strongly threatening Ng4.} Qxh2 (36... Nxc1 $11 37. Ng4 Qf4) 37. Bd3 (37. Qf1 $17) 37... Nxc1 $19 38. Qxc1 (38. Bxc4 $142 bxc4 39. Qxc1) 38... Qd2 39. Qxd2 (39. Bf1 {is a better defense.}) 39... Nxd2+ {[%mdl 4096] Endgame KB-KN} 40. Kc1 Nf3 41. a4 bxa4 42. Bxa6 $2 (42. g6 a5 43. Bb5) 42... Nxg5 43. Bb5 Kd6 44. Bxa4 Kc5 45. Kd2 e5 {[%cal Be6e5,Be5e4][%mdl 32]} 46. Bc2 e4 47. Ke3 d4+ 48. Ke2 Kc4 (48... Kd5 $142 49. Bb3+ Ke5) 49. Bb1 Kd5 ({And not} 49... Kb3 {[#]} 50. Bxe4 $1 {[%mdl 512]} Kxb2 51. Kd3 $11) 50. Ba2+ Ke5 {Black mates.} 51. b4 Ne6 52. b5 Nf4+ 53. Kf1 Kd6 54. Bc4 Kc5 55. Kf2 Kxc4 56. b6 Nd3+ {Precision: White = 49%, Black = 55%.} 0-1

[Event "8th Holuj-Radzikowska 2018"]
[Site "Wroclaw"]
[Date "2018.12.04"]
[Round "1"]
[White "Javakhishvili, Lela"]
[Black "Socko, Monika"]
[Result "1-0"]
[WhiteElo "2464"]
[BlackElo "2458"]
[Annotator "TA"]
[PlyCount "63"]
[EventDate "2018.11.26"]
[EventType "schev"]
[EventCountry "POL"]
[SourceTitle "playchess.com"]
[Source "ChessBase"]
[SourceQuality "1"]
[WhiteTeam "World"]
[BlackTeam "Poland"]

{[%evp 26,63,35,-2,91,84,107,102,128,114,106,113,109,109,110,117,104,94,143,141,166,94,393,262,457,477,527,523,29967,5589,29983,29979,29978,10583,29992,29993,29994,29995,29995,29996]} 1. d4 Nf6 2. c4 e6 3. Nf3 b6 4. a3 Bb7 5. Nc3 d5 6. cxd5 Nxd5 7. Qc2 Nxc3 8. bxc3 Be7 9. e4 O-O 10. Bd3 c5 11. O-O Qc7 12. Qe2 {E12: Queen's Indian: Unusual White 4th moves, 4 a3, 4 Nc3 Bb7 5 a3 and 4 Nc3 Bb7} Rd8 13. Rd1 Nd7 14. e5 {[#] LiveBook: 5 Games. White is slightly better.} c4 $146 (14... Nf8 $11) ({Predecessor:} 14... Qc6 15. Be3 Nf8 16. a4 Rac8 17. Ba6 h6 18. Rdb1 Rc7 19. Bxb7 Qxb7 20. a5 Rdc8 21. axb6 axb6 {½-½ (40) Kozul,Z (2601)-Fedorchuk,S (2667) Bol 2013}) 15. Bc2 $16 Nf8 16. Ng5 Rac8 17. Qh5 {[%cal Rc2h7][%mdl 64] [#] Double Attack} Bxg5 18. Bxg5 Rd5 19. Qg4 Rb5 20. Rab1 Rxb1 21. Rxb1 Qd7 22. h4 {[%cal Bh2h4,Bh4h5][%mdl 32]} Qd5 23. h5 $40 {[%mdl 128] [#] Hoping for f3. Black is in trouble.} Rc7 $2 {[%mdl 8192]} (23... h6 $16 {was worth a try.}) 24. Re1 {[%cal Bb1e1,Be1e3,Be3g3][%mdl 32]} Kh8 $2 (24... h6) 25. Re3 $18 h6 26. Bh4 {aiming for Rg3.} Nh7 27. Rg3 {[%csl Gg3][%cal Rg4g7]} f5 28. exf6 $1 {[%cal Be5f6,Bf6f7][%mdl 32]} Ng5 29. f4 Ne4 30. Qg6 {White mates.} Kg8 31. Qe8+ Kh7 32. f7 {Accuracy: White = 82%, Black = 22%.} 1-0

[Event "8th Holuj-Radzikowska 2018"]
[Site "Wroclaw"]
[Date "2018.12.04"]
[Round "1"]
[White "Zawadzka, Jolanta"]
[Black "Paehtz, Elisabeth"]
[Result "1/2-1/2"]
[WhiteElo "2423"]
[BlackElo "2487"]
[Annotator "TA"]
[PlyCount "160"]
[EventDate "2018.11.26"]
[EventType "schev"]
[EventCountry "POL"]
[SourceTitle "playchess.com"]
[Source "ChessBase"]
[SourceQuality "1"]
[WhiteTeam "Poland"]
[BlackTeam "World"]

{[%evp 26,160,9,0,0,-16,-18,-8,-14,-16,0,0,11,7,16,-31,-25,-39,-31,-45,-20,-35,0,-66,-66,-115,-111,-115,-96,-113,-84,-102,-84,-89,-72,-79,-72,-76,-53,-80,-74,-88,0,0,0,0,0,0,0,0,0,-23,0,0,0,-8,-8,-100,-95,-154,-8,-8,-8,-8,-8,-8,-8,-8,-8,-8,-8,-8,-8,-81,-8,-8,-8,-29,-45,-45,-49,-56,0,-8,-8,-8,-8,-8,-8,-8,-8,-8,-8,-8,-8,-8,-8,-8,-8,-8,-8,-8,-8,-8,-8,-8,-8,-8,-8,-52,-8,-52,-8,-8,-8,-8,-8,-8,-8,-8,-8,-8,-8,-8,-8,-18,-8,-8,-8,-8,-8,-8,0,-26,-27,-34,0]} 1. e4 {[%cal Be2e4,Be4e5][%mdl 32]} Nf6 2. e5 Nd5 3. d4 d6 4. c4 Nb6 5. exd6 cxd6 6. Nf3 g6 7. Nc3 Bg7 8. Be2 O-O 9. O-O Bg4 10. b3 Nc6 11. Be3 d5 12. c5 Nc8 {[%cal Bb6c8,Bc8e7,Be7f5][%mdl 32]} 13. Rc1 e6 14. Qd2 {LiveBook: 4 Games. B04: Alekhine's Defence: 4 Nf3} (14. h3 Bxf3 15. Bxf3 N8e7 16. Nb5 Nf5 17. g4 a6 18. gxf5 axb5 19. fxe6 fxe6 20. Bg4 Qf6 21. Rc2 h5 22. Be2 Qh4 23. Rd2 Qxh3 {0-1 (32) Durarbayli,V (2501)-Miroshnichenko,E (2686) Baku 2010}) 14... N8e7 15. Ne1 Bxe2 16. Nxe2 {The position is equal.} Nf5 17. Nf3 h6 18. Rfd1 g5 $146 ({Predecessor:} 18... Kh7 19. a3 Qd7 20. b4 a6 21. Rb1 Rfd8 22. Qd3 f6 23. Nc3 Nfe7 {½-½ (23) Rasch,H (2268)-Diaz,J (2127) Hessen 2001}) 19. h3 b6 20. a4 Rb8 21. Qd3 bxc5 22. Rxc5 Nb4 23. Qb1 Nd6 24. Nd2 (24. Rdc1 $11) 24... f5 {Hoping for ...f4.} 25. f3 f4 26. Bf2 Nf5 27. Nf1 Qd6 28. Qc1 Qa6 29. Qd2 Rfc8 30. Rxc8+ Qxc8 31. Rc1 Qb7 32. Rc3 Nc6 33. g3 fxg3 (33... e5 $17 {[%cal Re5d4]} 34. Qc2 Nfe7 35. dxe5 Bxe5) 34. Nfxg3 $11 Nxg3 35. Bxg3 Rf8 36. Qe3 Qd7 37. Rc5 Rc8 38. Kg2 Ne7 39. Qc1 Rxc5 40. Qxc5 Nf5 41. Bb8 (41. Kf2 $11 {keeps the balance.}) 41... Qb7 $1 $17 {[%cal Rb7b8]} 42. Bxa7 {[#]} ({White should try} 42. Bg3) 42... Qxb3 (42... Nh4+ $1 $17 43. Kf2 Qxb3 {[%mdl 64] Double Attack} 44. Qc8+ Kf7) 43. Qc8+ $11 Kh7 {Threatens to win with ...Nh4+.} 44. Qxe6 Nh4+ {[%mdl 64] Double Attack} 45. Kf2 Qxf3+ 46. Ke1 Qb3 47. Bc5 Qxa4 48. Qxd5 Qc2 49. Bd6 {[#]} (49. Qf7 $11) 49... Bxd4 $1 {[%mdl 512]} 50. Qf7+ (50. Qxd4 Nf3+) 50... Bg7 {And now ...Qb1+ would win.} 51. Bf8 {[%csl Gf8][%cal Rf7g7]} Qb1+ 52. Kf2 {[%csl Gf8][%cal Rf7g7]} Qb6+ 53. Kf1 {[%csl Gf8][%cal Rf7g7]} Qb1+ 54. Kf2 $132 {[%csl Gf8][%cal Rf7g7][%mdl 2048] White puts up resistance} Qb2 55. Bxg7 Qxg7 56. Qxg7+ Kxg7 {[%mdl 4096] Endgame KN-KN} 57. Ke3 $1 Kf6 58. Ke4 Nf5 59. Nc3 Nd6+ 60. Kd5 Ne8 {With the idea ...Kf5.} 61. Ke4 Kg6 62. Ne2 Nf6+ 63. Ke5 h5 64. Nd4 Nd7+ 65. Ke4 Nc5+ 66. Kf3 Kf6 67. Ne2 Nd3 68. Ng3 (68. h4 $5) 68... h4 69. Ne4+ Kf5 70. Nd6+ Kg6 71. Ne4 Ne5+ 72. Ke3 Kh6 73. Kf2 Kh5 74. Ke3 Kg6 75. Nd6 Nd7 76. Kf3 Nf6 77. Nc4 Kf5 78. Nd6+ Kg6 79. Nc4 Kh5 {next ...Nd5 is good for Black.} 80. Ne3 Kg6 {Accuracy: White = 59%, Black = 53%.} 1/2-1/2

[Event "8th Holuj-Radzikowska 2018"]
[Site "Wroclaw"]
[Date "2018.12.04"]
[Round "1"]
[White "Szczepkowska, Karina"]
[Black "Abdumalik, Zhansaya"]
[Result "1-0"]
[WhiteElo "2408"]
[BlackElo "2470"]
[Annotator "TA"]
[PlyCount "99"]
[EventDate "2018.11.26"]
[EventType "schev"]
[EventCountry "POL"]
[SourceTitle "playchess.com"]
[Source "ChessBase"]
[SourceQuality "1"]
[WhiteTeam "Poland"]
[BlackTeam "World"]

{[%evp 28,99,0,23,26,10,14,0,123,131,139,142,274,130,129,93,94,86,342,334,272,114,110,119,109,100,335,333,625,613,608,625,620,616,613,613,612,612,569,584,717,358,360,360,363,364,583,580,503,234,677,665,804,799,3404,3783,2107,2102,5755,5422,29963,29965,29964,29969,29967,29970,29965,29964,29971,29966,29964,11075,29987,29988]} 1. d4 Nf6 2. c4 g6 3. Nc3 d5 4. cxd5 Nxd5 5. e4 Nxc3 6. bxc3 Bg7 7. Nf3 c5 8. Rb1 O-O 9. Be2 cxd4 10. cxd4 Qa5+ 11. Bd2 Qxa2 12. O-O Bg4 13. Bg5 {[%cal Bd2g5,Bg5h4,Bh4g3,Bg3d6][%mdl 32]} h6 14. Bh4 a5 15. Rxb7 {[#] LiveBook: 20 Games. D85: Exchange Grünfeld: Unusual White 7th moves and lines with 7 Nf3} (15. Bxe7 Re8 $15) 15... e6 $146 ({Predecessor:} 15... g5 16. Bg3 a4 17. h3 Bxf3 18. Bxf3 Nc6 19. e5 Qc4 20. Rb2 Qxd4 21. Qxd4 Nxd4 22. Bxa8 Rxa8 {½-½ (34) Ragger,M (2689)-Vachier Lagrave,M (2785) Gibraltar 2016}) 16. h3 Bxf3 $1 17. Bxf3 {Threatens to win with Be7.The position is equal.} g5 (17... Nc6 $11) 18. Bg3 $16 {Black must now prevent Bd6.} Nc6 19. Bd6 $1 {[%cal Rd6f8]} Rfc8 (19... Nxd4 $16 20. Bh5 Qc4) 20. e5 (20. Bh5 $18 {and White stays clearly on top.}) 20... Qc4 21. Rd7 a4 {Black wants to play ...a3.} 22. Be4 {Hoping for Qf3.} Nxd4 $2 {[%mdl 8192]} (22... Rd8 $16 23. Rb7 (23. Rc7 Rac8 $14) 23... Qa6) 23. Re1 $1 $18 {Strongly threatening Qh5.} ({Weaker is} 23. Bxa8 Rxa8 24. Re1 (24. Qh5 $2 Ne2+ 25. Kh2 Qf4+ {[%mdl 64] Double Attack} 26. Kh1 Ng3+ 27. fxg3 Qxf1+ 28. Kh2 a3 $19) 24... Nf5 $16) 23... Qb5 {[#]} 24. Rb7 (24. Rxf7 $1 $18 {[%mdl 512] and the rest is easy.} Nf5 (24... Kxf7 25. Qh5+) 25. Rb7) 24... Qa5 $16 25. Bb4 $1 {[%cal Rb4a5]} Qxe5 {[#]} 26. Qh5 $1 $40 {[%cal Rh5f7][%mdl 128] Black is in trouble.} Qf6 $2 {[#]} (26... Rc7 $16) 27. Be7 $1 $18 {[%cal Re7f6]} Qe5 $2 {[#]} ({Don't play} 27... Qf4 28. g3) (27... Ne2+ 28. Qxe2 Qc3) 28. Bh7+ $1 {[%mdl 576] Discovered Attack} Kxh7 29. Rxe5 Rc1+ 30. Kh2 Bxe5+ 31. g3 Rg8 {[#]} 32. Bd6 $1 {[%mdl 512]} Bg7 (32... Bxd6 33. Qxf7+) 33. Qxf7 Rc3 34. Kg2 (34. Qf6 $142 {White wants to mate with Qxd4.} Rd3 35. Bf8) 34... Rb3 35. Rd7 Rf3 36. Qe7 Rf5 $2 (36... Rd3 {keeps fighting.} 37. Bc5 Kh8) 37. Bc5 Nc2 38. g4 (38. Rc7 $142) 38... Re5 $2 (38... Rd5 39. Rxd5 exd5) 39. Bd6 Re2 40. Qf7 Kh8 41. Be7 {Bf6 would kill now.} Ne3+ 42. Kf3 {[%mdl 64] Intending Bf6 and mate. Double Attack} Rd2 43. Rxd2 Nc4 44. Re2 Ne5+ {[#]} 45. Rxe5 $1 {[%mdl 64] Decoy} Bxe5 46. Qxe6 {[%cal Re6h6][%mdl 64] Double Attack} Bg7 47. Qc6 Rb8 48. Qxa4 Rc8 49. Qd7 (49. Kg2 $142 Rc7 50. Qa8+ Kh7 51. Bd6 Rc1 52. Qe4+ Kg8 53. Qe6+ Kh7 54. Qe4+ Kh8 55. Qe8+ Kh7 56. Qf7) 49... Rc3+ 50. Ke4 {Accuracy: White = 59%, Black = 27%.} 1-0

[Event "8th Holuj-Radzikowska 2018"]
[Site "Wroclaw"]
[Date "2018.12.04"]
[Round "1"]
[White "Kulon, Klaudia"]
[Black "Skripchenko, Almira"]
[Result "1-0"]
[WhiteElo "2333"]
[BlackElo "2408"]
[Annotator "ChessBase"]
[PlyCount "111"]
[EventDate "2018.11.26"]
[EventType "schev"]
[EventCountry "POL"]
[SourceTitle "playchess.com"]
[Source "ChessBase"]
[SourceQuality "1"]
[WhiteTeam "Poland"]
[BlackTeam "World"]
[TimeControl "40/5400+30:1800+30"]

1. e4 {[%emt 0:00:00]} c5 {[%emt 0:00:00]} 2. Nf3 {[%emt 0:00:00]} Nc6 {[%emt 0:00:00]} 3. d4 {[%emt 0:00:00]} cxd4 {[%emt 0:00:00]} 4. Nxd4 {[%emt 0:00:00]} Nf6 {[%emt 0:00:00]} 5. Nc3 {[%emt 0:00:00]} e5 {[%emt 0:00:25]} 6. Ndb5 {[%emt 0:00:00]} d6 {[%emt 0:00:07]} 7. a4 {[%emt 0:00:00]} a6 {[%emt 0:02:42]} 8. Na3 {[%emt 0:00:06]} Bg4 {[%emt 0:00:12]} 9. Be2 {[%emt 0:00:11]} Bxe2 {[%emt 0:11:07]} 10. Qxe2 {[%emt 0:00:10]} d5 {[%emt 0:03:09]} 11. Bg5 {[%emt 0:00:09]} dxe4 {[%emt 0:01:01]} 12. Nxe4 {[%emt 0:02:23]} Be7 {[%emt 0:00:12]} 13. Bxf6 {[%emt 0:01:44]} Bxf6 {[%emt 0:00:07]} 14. Rd1 {[%emt 0:03:18]} Qe7 {[%emt 0:11:05]} 15. Nd6+ {[%emt 0:06:27]} Kf8 {[%emt 0:00:10]} 16. c3 {[%emt 0:02:18]} Nd4 {[%emt 0:27:03]} 17. cxd4 {[%emt 0:00:57]} Qxd6 {[%emt 0:00:05]} 18. dxe5 {[%emt 0:01:47]} Qxe5 {[%emt 0:01:24]} 19. Qxe5 {[%emt 0:01:00]} Bxe5 {[%emt 0:00:06]} 20. O-O {[%emt 0:03:32]} Bxb2 {[%emt 0:15:37]} 21. Nc4 {[%emt 0:00:31]} Bf6 {[%emt 0:00:05]} 22. Rd7 {[%emt 0:03:11]} b5 {[%emt 0:00:54]} 23. axb5 axb5 {[%emt 0:00:04]} 24. Nd6 {[%emt 0:00:14]} Rb8 {[%emt 0:12:07]} 25. Re1 {[%emt 0:06:34]} h6 {[%emt 0:02:02]} 26. Nxf7 {[%emt 0:16:49]} Rh7 {[%emt 0:00:57]} 27. Nd6 {[%emt 0:00:57]} b4 {[%emt 0:01:50]} 28. Re6 {[%emt 0:03:30]} b3 {[%emt 0:04:19]} 29. Rb7 {[%emt 0:03:54]} Ra8 {[%emt 0:00:05]} 30. g3 {[%emt 0:00:22]} b2 {[%emt 0:01:04]} 31. Kg2 {[%emt 0:00:12]} Bd4 {[%emt 0:03:31]} 32. Ree7 {[%emt 0:09:08]} Bf6 {[%emt 0:01:50]} 33. Red7 {[%emt 0:01:01]} Kg8 {[%emt 0:02:34]} 34. Ne4 {[%emt 0:00:25]} Rf8 {[%emt 0:00:30]} 35. Nxf6+ {[%emt 0:03:09]} Rxf6 {[%emt 0:00:06]} 36. Rxb2 {[%emt 0:00:02]} h5 {[%emt 0:00:53]} 37. Rbb7 {[%emt 0:00:40]} h4 {[%emt 0:00:34]} 38. g4 {[%emt 0:00:15]} Rf8 {[%emt 0:00:30]} 39. h3 {[%emt 0:00:35]} Kh8 {[%emt 0:00:06]} 40. f4 {[%emt 0:00:00]} Rh6 {[%emt 0:00:00]} 41. f5 {[%emt 0:04:56]} Rg8 {[%emt 0:13:47]} 42. Kf3 {[%emt 0:03:50]} Ra6 {[%emt 0:00:47]} 43. g5 {[%emt 0:03:14]} Ra4 {[%emt 0:09:40]} 44. Re7 {[%emt 0:06:46]} Rc8 {[%emt 0:02:18]} 45. Re4 {[%emt 0:00:52]} Ra3+ {[%emt 0:06:48]} 46. Kg4 {[%emt 0:00:16]} Rf8 {[%emt 0:00:15]} 47. g6 {[%emt 0:03:08]} Rg3+ {[%emt 0:00:50]} 48. Kxh4 {[%emt 0:00:04]} Rf3 {[%emt 0:00:29]} 49. Rf7 {[%emt 0:00:20]} Ra8 {[%emt 0:00:31]} 50. Kg4 {[%emt 0:00:07]} Rf1 {[%emt 0:00:08]} 51. Rfe7 {[%emt 0:00:16]} Rg1+ {[%emt 0:00:14]} 52. Kh5 {[%emt 0:01:56]} Rf8 {[%emt 0:00:06]} 53. f6 {[%emt 0:02:02]} gxf6 {[%emt 0:00:27]} 54. Kh6 {[%emt 0:00:03]} f5 {[%emt 0:01:29]} 55. Rh7+ {[%emt 0:00:05]} Kg8 {[%emt 0:00:04]} 56. Ree7 {[%emt 0:00:05]} 1-0

[Event "8th Holuj-Radzikowska 2018"]
[Site "Wroclaw"]
[Date "2018.12.05"]
[Round "2"]
[White "Abdumalik, Zhansaya"]
[Black "Kulon, Klaudia"]
[Result "1-0"]
[WhiteElo "2470"]
[BlackElo "2333"]
[Annotator "TA"]
[PlyCount "119"]
[EventDate "2018.11.26"]
[EventType "schev"]
[EventCountry "POL"]
[SourceTitle "playchess.com"]
[Source "ChessBase"]
[SourceQuality "1"]
[WhiteTeam "World"]
[BlackTeam "Poland"]

{[%evp 21,119,37,34,23,50,41,64,17,17,17,17,17,22,20,9,-14,-9,-19,-9,0,0,0,27,23,22,22,28,42,79,0,0,6,8,8,29,0,0,0,0,0,21,0,0,-8,55,59,42,-57,242,138,142,121,120,137,116,110,235,190,239,234,483,477,468,468,458,266,478,383,375,346,406,444,480,463,470,467,470,433,450,275,272,254,262,268,464,466,479,458,526,520,1009,1001,1256,1253,1262,1253,1247,1192,1089,1073]} 1. e4 e5 2. Nf3 Nc6 3. Bb5 a6 4. Ba4 d6 5. O-O Bd7 6. c3 g6 7. d4 Bg7 8. Bg5 f6 9. Be3 Nh6 10. dxe5 dxe5 11. Nbd2 {C76: Ruy Lopez: Deferred Steinitz: 5 c3 Bd7 6 d4 g6} (11. Bc5 Bf8 12. Bxf8 Kxf8 13. Qd2 Nf7 14. Rd1 Be8 15. Qxd8 Ncxd8 16. Bxe8 Kxe8 17. Nbd2 Nd6 18. Ne1 a5 {½-½ (29) Harikrishna,P (2744)-Mamedyarov,S (2799) Riadh 2017}) 11... Nf7 {LiveBook: 3 Games} 12. Bb3 Qe7 13. Bd5 {[#] White is slightly better.} Be6 $146 ({Predecessor:} 13... O-O 14. b4 Kh8 15. Qb3 b6 16. a4 Rab8 17. Qc4 Nd6 18. Qxa6 f5 19. exf5 gxf5 {0-1 (32) Zhigalko,S (2641)-Van Foreest,J (2629) Riadh 2017}) 14. Qa4 (14. Bxc6+ $5 bxc6 15. Qa4 $14) 14... Bxd5 15. exd5 b5 16. Qc2 Na5 17. c4 O-O 18. Rfe1 Qd7 19. Rad1 Rfc8 20. b3 c5 21. dxc6 Qxc6 {[%cal Rb5c4]} 22. c5 Nb7 23. b4 a5 24. a3 f5 25. Nb3 (25. Ng5 $16) 25... a4 $11 26. Nc1 Nbd6 27. Ne2 Nc4 28. Bc1 {[%cal Be3c1,Bc1b2,Bb2e5][%mdl 32]} Rd8 29. Nd2 {[#]} Nb6 $1 {[%mdl 512]} 30. Nc3 (30. cxb6 Qxc2) 30... e4 31. Bb2 Nd7 32. f3 {[%cal Rf3e4] [#]} Nde5 (32... Nxc5 $1 $11 {[%mdl 512]} 33. Nxa4 (33. bxc5 Qxc5+) 33... Rxa4 34. Bxg7 Kxg7) 33. fxe4 $14 Nd3 34. Rf1 ({Only move:} 34. Nd5 $1 $14 Nxe1 35. Rxe1) 34... Nfe5 $2 {[%mdl 8192] [#]} (34... Nxb2 $15 {stays ahead.} 35. Qxb2 Qd7) 35. Nd5 ({Inferior is} 35. exf5 Ng4 $15) (35. Ba1 $1 $18) 35... Kh8 $16 36. Bxe5 $1 Nxe5 37. Nf3 {Hoping for Nd4.} Nc4 38. Nd4 $36 {[%mdl 2048] White is really pushing.} Qd7 (38... Qe8 $16) 39. c6 $18 Qa7 40. Qf2 fxe4 $2 (40... Bxd4 41. Rxd4 Rac8) 41. Nxb5 Qxf2+ 42. Kxf2 ({Less strong is} 42. Rxf2 Nb2 $16) 42... Nb2 43. Ke3 (43. c7 $142) 43... Bh6+ $2 (43... Nxd1+ 44. Rxd1 Be5) 44. Kxe4 Rab8 45. Nbc3 Rd6 46. b5 Re8+ 47. Kf3 Nxd1 48. Rxd1 Bg7 49. c7 Be5 50. Ne4 Rxd5 51. Rxd5 {White wants to mate with Rd8.} Bxc7 {[%mdl 4096] Endgame KRB-KRN} 52. h3 Be5 $2 (52... Bb6 {might work better.} 53. Nc5 Bxc5) 53. b6 {[%cal Bb5b6,Bb6b7][%mdl 32] White is clearly winning.} Kg8 54. b7 {aiming for Rxe5!} Rf8+ 55. Ke2 Bb8 (55... Rb8 $142 56. Rxe5 Rxb7) 56. Rc5 Kf7 57. Rc8 Re8 58. Rxe8 Kxe8 59. Nc5 Kd8 60. Na6 {Precision: White = 68%, Black = 37%.} 1-0

[Event "8th Holuj-Radzikowska 2018"]
[Site "Wroclaw"]
[Date "2018.12.05"]
[Round "2"]
[White "Javakhishvili, Lela"]
[Black "Szczepkowska, Karina"]
[Result "0-1"]
[WhiteElo "2464"]
[BlackElo "2408"]
[Annotator "RC"]
[PlyCount "120"]
[EventDate "2018.11.26"]
[EventType "schev"]
[EventCountry "POL"]
[SourceTitle "playchess.com"]
[Source "ChessBase"]
[SourceQuality "1"]
[WhiteTeam "World"]
[BlackTeam "Poland"]
[TimeControl "40/5400+30:1800+30"]

1. d4 {[%emt 0:00:00]} Nf6 {[%emt 0:00:00]} 2. c4 {[%emt 0:00:00]} e6 {[%emt 0:00:17]} 3. Nf3 {[%emt 0:00:00]} a6 {[%emt 0:00:05]} 4. Bg5 {[%emt 0:03:25]} d5 {[%emt 0:01:17]} 5. e3 {[%emt 0:02:29]} dxc4 {[%emt 0:07:40]} 6. Bxc4 {[%emt 0:00:39]} b5 {[%emt 0:00:05]} 7. Bd3 {[%emt 0:01:30]} Bb7 {[%emt 0:03:59]} 8. a4 {[%emt 0:02:52]} b4 {[%emt 0:03:16]} 9. Nbd2 {[%emt 0:01:50]} c5 {[%emt 0:06:16]} 10. e4 {[%emt 0:10:00]} cxd4 {[%emt 0:15:23]} 11. e5 {[%emt 0:01:19]} h6 {[%emt 0:00:31]} 12. Bh4 {[%emt 0:00:38]} g5 {[%emt 0:01:48]} 13. Bg3 {[%emt 0:04:10]} Nh5 {[%emt 0:07:07]} 14. O-O {[%emt 0:11:07]} Be7 {[%emt 0:07:32]} 15. Be4 {[%emt 0:05:54]} Ra7 {[%emt 0:06:20]} 16. Rc1 {[%emt 0:02:53]} Ng7 {[%emt 0:06:45]} 17. Rc4 {[%emt 0:06:00]} Bxe4 {[%emt 0:02:59]} 18. Nxe4 {[%emt 0:00:06]} Nf5 {[%emt 0:00:03]} 19. Nd6+ {[%emt 0:09:35]} Bxd6 {[%emt 0:02:55]} 20. exd6 {[%emt 0:00:07]} O-O {[%emt 0:02:13]} 21. Rxd4 {[%emt 0:01:09]} Nxd4 {[%emt 0:01:12]} 22. Qxd4 {[%emt 0:00:22]} Rb7 {[%emt 0:04:38]} 23. Rc1 {[%emt 0:02:11]} Rb6 {[%emt 0:01:57]} 24. h4 {[%emt 0:03:18]} gxh4 {[%emt 0:07:52]} 25. Bxh4 {[%emt 0:05:41]} f6 {[%emt 0:05:16]} 26. Rc7 {[%emt 0:02:00]} Nd7 {[%emt 0:00:01]} 27. Qg4+ {[%emt 0:02:38]} Kh8 {[%emt 0:00:55]} 28. Qg6 {[%emt 0:09:56]} Rxd6 {[%emt 0:00:06]} 29. Qxh6+ {[%emt 0:00:08]} Kg8 {[%emt 0:00:02]} 30. Qg6+ {[%emt 0:00:24]} Kh8 {[%emt 0:00:02]} 31. Qh5+ {[%emt 0:04:05]} Kg8 {[%emt 0:03:42]} 32. Qg6+ {[%emt 0:03:01]} Kh8 {[%emt 0:00:16]} 33. Qh6+ {[%emt 0:00:10]} Kg8 {[%emt 0:00:16]} 34. Rc4 {[%emt 0:00:12]} Kf7 {[%emt 0:01:06]} 35. Qh7+ {[%emt 0:03:38]} Ke8 {[%emt 0:00:07]} 36. Rg4 {[%emt 0:00:19]} Rd1+ {[%emt 0:00:50]} 37. Kh2 {[%emt 0:00:02]} Qc7+ {[%emt 0:00:17]} 38. Bg3 {[%emt 0:01:11]} Qc1 {[%emt 0:02:04]} 39. Qg6+ {[%emt 0:00:10]} Kd8 {[%emt 0:00:44]} 40. Bf4 {[%emt 0:00:00]} Qb1 {[%emt 0:00:00]} 41. Qg7 {[%emt 0:01:52]} Rh1+ {[%emt 0:04:12]} 42. Kg3 {[%emt 0:00:02]} Rh7 {[%emt 0:01:01]} 43. Qg6 {[%emt 0:00:06]} Qxg6 {[%emt 0:00:10]} 44. Rxg6 {[%emt 0:00:02]} e5 {[%emt 0:02:16]} 45. Be3 {[%emt 0:02:03]} Rhh8 {[%emt 0:00:44]} 46. Nd2 {[%emt 0:06:24]} Rhg8 {[%emt 0:00:46]} 47. Rxg8 {[%emt 0:00:05]} Rxg8+ {[%emt 0:00:02]} 48. Kf3 {[%emt 0:00:03]} f5 {[%emt 0:02:38]} 49. g3 {[%emt 0:00:07]} Ke7 {[%emt 0:00:29]} 50. Nb3 {[%emt 0:01:06]} Ke6 {[%emt 0:01:28]} 51. Ke2 {[%emt 0:00:08]} Kd5 {[%emt 0:00:34]} 52. Kd3 {[%emt 0:00:19]} Rc8 {[%emt 0:02:46]} 53. Kd2 {[%emt 0:00:41]} Nf6 {[%emt 0:00:41]} 54. Bb6 {[%emt 0:01:59]} Ne4+ {[%emt 0:00:32]} 55. Kd3 {[%emt 0:00:21]} Nd6 {[%emt 0:00:45]} 56. Nd2 {[%emt 0:00:33]} e4+ {[%emt 0:00:49]} 57. Ke3 {[%emt 0:01:28]} Nc4+ {[%emt 0:02:54]} 58. Nxc4 {[%emt 0:00:07]} Rxc4 {[%emt 0:00:16]} 59. a5 {[%emt 0:05:15]} b3 {[%emt 0:01:15]} 60. Bd8 {[%emt 0:00:35]} Rc3+ {[%emt 0:00:34]} 0-1